000 00569 a2200193 4500
001 48378
005 20260407155748.0
008 260407a1966 arg spa d
003 AR-UNSa-BCEJYS
040 _aAR-UNSa-BCEJYS
_bspa
_cAR-UNSa-BCEJYS
080 _a911.3:33
_xGeografía económica
245 1 0 _aPoblación mundial y recursos naturales
_pnuestro mundo en desarrollo
264 1 _aBarcelona :
_bOikos-tau
_c1966
300 _a233 p.
_c21 cm.
942 _cBK
590 _aniveau_biblio:m niveau_hierar:0
100 1 _aDudley Stamp, I.
700 1 _aVives, J.G.
999 _c4583
_d4583